000 00738nam a2200241 a 4500
001 13125
003 BD-JhCC
005 20230711104100.0
008 171101s2019 bg |||| ||a| 00| 0 ben d
020 _a9847019000444
035 _a(BD-JhCC)13125
040 _aBD-JhCC
_dBD-JhCC
041 _abengali
082 _bGHO 2019
_a616.123
100 _aঘোষ, ড.তৃপ্তীশ চন্দ্র
245 _aহার্ট অ্যাটাক ও স্টে্রাক /
_cড.তৃপ্তীশ চন্দ্র ঘোষ।
260 _aঢাকা :
_bমনন প্রকাশ;
_c2019.
300 _a109 p. :
_c21 cm.
650 _aHeart
650 _aHealth
942 _2ddc
_cBK
_01
999 _c13125
_d13125